Départements français commençant par la lettre S - Statistiques

Statistiques générales
  • Ce quiz a été pris 1 293 fois
  • Le résultat moyen est 6 sur 7
Statistiques - réponses
Numéro Région Département % Correct
77 Île-de-France Seine-et-Marne
90%
71 Bourgogne-Franche-Comté Saône-et-Loire
89%
72 Pays de la Loire Sarthe
89%
73 Auvergne-Rhône-Alpes Savoie
86%
76 Normandie Seine-Maritime
86%
93 Île de France Seine-Saint-Denis
81%
80 Hauts-de-France Somme
79%
Aucun quiz correspondant
Distribution des résultats
% des personnes avec chaque résultat
Percentile par nombre de réponses
Votre historique - résultats
Vous n’avez pas pris ce quiz